书目信息 |
| 题名: |
书院史话
|
|
| 作者: | 樊克政 著 | |
| 分册: | ||
| 出版信息: | 北京 社会科学文献出版社 2012.01 |
|
| 页数: | 182页 | |
| 开本: | 21cm | |
| 丛书名: | 中国史话 | |
| 单 册: | ||
| 中图分类: | G649.299 | |
| 科图分类: | ||
| 主题词: | 书院--教育史--中国 , 书院 , 教育史 | |
| 电子资源: | ||
| ISBN: | 978-7-5097-2940-3 | |
| 000 | 01089oam2 2200301 450 | |
| 001 | 0100000134 | |
| 005 | 20120619095702.10 | |
| 010 | @a978-7-5097-2940-3@dCNY15.00 | |
| 100 | @a20120322d2012 em y0chiy50 ea | |
| 101 | 0 | @achi |
| 102 | @aCN@b110000 | |
| 105 | @afk z 000yy | |
| 106 | @ar | |
| 200 | 1 | @a书院史话@9shu yuan shi hua@dA brief histroy of private academies in ancient China@f樊克政著@zeng |
| 210 | @a北京@c社会科学文献出版社@d2012.01 | |
| 215 | @a182页@c照片@d21cm | |
| 225 | 2 | @a中国史话@i制度、名物与史事沿革系列 |
| 300 | @a“十二五”国家重点出版规划项目 | |
| 330 | @a本书全面叙述了中国书院起源、发展和演变的历史进程,介绍了宋、元、明、清时期书院的著名师生,以及书院在组织管理、教学、供祀、藏书、刻书等方面的概况。 | |
| 462 | 0 | @12001 @a制度、名物与史事沿革系列 |
| 510 | 1 | @aBrief histroy of private academies in ancient China@zeng |
| 606 | 0 | @a书院@x教育史@y中国 |
| 606 | 0 | @a书院 |
| 606 | 0 | @a教育史 |
| 690 | @aG649.299@v4 | |
| 701 | 0 | @a樊克政@9fan ke zheng@f(1942-)@4著 |
| 801 | 0 | @aCN@bRENTIAN@c20120322 |
| 905 | @b540089-93@dG649.299@e555@f5 | |
| 书院史话=A brief histroy of private academies in ancient China/樊克政著.-北京:社会科学文献出版社,2012.01 |
| 182页:照片;21cm.-(中国史话.制度、名物与史事沿革系列) |
| “十二五”国家重点出版规划项目 |
| ISBN 978-7-5097-2940-3:CNY15.00 |
| 本书全面叙述了中国书院起源、发展和演变的历史进程,介绍了宋、元、明、清时期书院的著名师生,以及书院在组织管理、教学、供祀、藏书、刻书等方面的概况。 |
| ● |
| 相关链接 |
|
|
|
|
正题名:书院史话
索取号:G649.299/555
 
预约/预借
| 序号 | 登录号 | 条形码 | 馆藏地/架位号 | 状态 | 备注 |
| 1 | 540089 | 205400895 | 第一样本阅览室/ [索取号:G649.299/555] | 在馆 | |
| 2 | 540090 | 205400902 | 第四借阅区/ [索取号:G649.299/555] | 在馆 | |
| 3 | 540091 | 205400911 | 第四借阅区/ [索取号:G649.299/555] | 在馆 | |
| 4 | 540092 | 205400920 | 第四借阅区/ [索取号:G649.299/555] | 在馆 | |
| 5 | 540093 | 205400939 | 第四借阅区/ [索取号:G649.299/555] | 在馆 |